MARC details
| 000 -CABECERA |
| campo de control de longitud fija |
02125nam a2200289 a 4500 |
| 001 - NÚMERO DE CONTROL |
| campo de control |
000048412 |
| 003 - IDENTIFICADOR DEL NÚMERO DE CONTROL |
| campo de control |
DO-SdBNP |
| 005 - FECHA Y HORA DE LA ÚLTIMA TRANSACCIÓN |
| campo de control |
20251027110546.0 |
| 008 - DATOS DE LONGITUD FIJA--INFORMACIÓN GENERAL |
| campo de control de longitud fija |
190312s2018 dr 000 0 spa d |
| 020 ## - NÚMERO INTERNACIONAL ESTÁNDAR DEL LIBRO |
| Número Internacional Estándar del Libro |
9789945472967 |
| 040 ## - FUENTE DE LA CATALOGACIÓN |
| Centro catalogador/agencia de origen |
DO-SdBNP |
| Lengua de catalogación |
spa |
| Centro/agencia transcriptor |
BNPHU |
| 082 ## - NÚMERO DE LA CLASIFICACIÓN DECIMAL DEWEY |
| Número de clasificación |
972.901 |
| 245 00 - MENCIÓN DE TÍTULO |
| Título |
De la desaparición a la permanencia : |
| Resto del título |
indígenas e indios en la reinvención del Caribe / |
| Mención de responsabilidad, etc. |
compiladores Roberto Valcárcel Rojas, Jorge Ulloa Hung,. |
| 260 ## - PUBLICACIÓN, DISTRIBUCIÓN, ETC. |
| Lugar de publicación, distribución, etc. |
Santo Domingo : |
| Nombre del editor, distribuidor, etc. |
Fundación García Arévalo, |
| -- |
Instituto Tecnológico de Santo Domingo, |
| Fecha de publicación, distribución, etc. |
2018. |
| 300 ## - DESCRIPCIÓN FÍSICA |
| Extensión |
429 p. : |
| Otras características físicas |
il., retrs. ; |
| Dimensiones |
23 cm. |
| 490 1# - MENCIÓN DE SERIE |
| Mención de serie |
Los indígenas Más allá de Colón |
| 500 ## - NOTA GENERAL |
| Nota general |
Incluye referencias bibliográficas y notas al pie de las páginas |
| 505 ## - NOTA DE CONTENIDO CON FORMATO |
| Nota de contenido con formato |
Protagonismo y persistencias -- Cuba colonial. Indios locales y de la diáspora 43 -- Supervivencia e impronta de indios y sus descendientes en el Santiago de Cuba colonial (siglo XVI al XIX) 83 -- Indios de La Habana: mestizaje y transculturación 121 -- Categorías y destinos coloniales -- Centros indígenas de conexión en las islas occidentales de Sotavento (1493-1631) 145 -- Las muertes del indio 175 -- Investigaciones sobre el encuentro y el mundo colonial -- Sobrevivencia indígena en el Puerto Rico colonial: una reevaluación de su legado 201 -- Arqueología y patrimonio de los Kalínago en las islas de San Vicente y Granada 227 -- Arqueología en Managuaco. Presencia de indios en una hacienda colonial cubana 247 -- Cultura y legado -- Conciencia e intencionalidad: el gens indocubano de los Rojas-Ramírez 281 -- La irrupción del estilo criollo. Influencias hispánicas en la alfarería taína 331 -- Legado indígena. Cerámica y artesanía en la República Dominicana 369. |
| 590 ## - NOTA LOCAL (RLIN) |
| Nota local |
Inventariado, 2019/VM |
| 650 #4 - PUNTO DE ACCESO ADICIONAL DE MATERIA--TÉRMINO DE MATERIA |
| Término de materia o nombre geográfico como elemento de entrada |
Indígena del caribe |
| 9 (RLIN) |
75818 |
| 650 #4 - PUNTO DE ACCESO ADICIONAL DE MATERIA--TÉRMINO DE MATERIA |
| Término de materia o nombre geográfico como elemento de entrada |
Arqueología indígiena |
| Subdivisión geográfica |
Caribe (Región) |
| 9 (RLIN) |
75819 |
| 651 #0 - PUNTO DE ACCESO ADICIONAL DE MATERIA--NOMBRE GEOGRÁFICO |
| Nombre geográfico |
Caribe (Región) |
| Subdivisión general |
Historia |
| 9 (RLIN) |
87401 |
| 700 1# - PUNTO DE ACCESO ADICIONAL--NOMBRE DE PERSONA |
| Nombre de persona |
Valcárcel Rojas, Roberto |
| Término indicativo de función/relación |
ed. |
| 9 (RLIN) |
75820 |
| 700 1# - PUNTO DE ACCESO ADICIONAL--NOMBRE DE PERSONA |
| Nombre de persona |
Ulloa Hung, Jorge |
| Término indicativo de función/relación |
ed. |
| 9 (RLIN) |
72231 |
| 830 #0 - PUNTO DE ACCESO ADICIONAL DE SERIE-TÍTULO UNIFORME |
| Título uniforme |
Los indígenas Más allá de Colón |
| 9 (RLIN) |
75821 |
| 942 ## - ELEMENTOS DE PUNTO DE ACCESO ADICIONAL (KOHA) |
| Fuente del sistema de clasificación o colocación |
Dewey Decimal Classification |
| Tipo de ítem Koha |
Libro |